[Event "SVK-chT2B 0809"]
[Site "Slovakia"]
[Date "2009.02.28"]
[Round "10.8"]
[White "Kovac, Lubomir"]
[Black "Sopko, Rudolf"]
[Result "1-0"]
[WhiteElo "1942"]
[BlackElo "1937"]
[PlyCount "79"]
[EventDate "2008.10.11"]
[EventType "team-tourn"]
[EventRounds "11"]
[EventCountry "SVK"]
[SourceTitle "EXT 2010"]
[Source "ChessBase"]
[SourceDate "2010.11.25"]
[SourceVersion "1"]
[SourceVersionDate "2010.11.25"]
[SourceQuality "1"]
[WhiteTeam "Sala Slovan Duslo"]
[BlackTeam "Trencin SK II"]
[WhiteTeamCountry "SVK"]
[BlackTeamCountry "SVK"]

1. d4 Nf6 2. c4 g6 3. Nc3 d5 4. Bf4 Bg7 5. e3 0-0 6. Nf3 c6 7. Rc1 Bg4 8. Bd3 e6 9. h3 Bxf3 10. Qxf3 Nbd7 11. 0-0 dxc4 12. Bxc4 Nb6 13. Bb3 Nfd5 14. Bg3 Nxc3 15. Rxc3 Nd5 16. Rcc1 a5 17. Qe2 a4 18. Bc4 Nb6 19. Bd3 Re8 20. Rfd1 Qe7 21. f4 f5 22. a3 Qd6 23. Bb1 Nd5 24. Kh2 Bf6 25. Qf2 Qf8 26. Qf3 Qg7 27. Ba2 h6 28. Bf2 Bd8 29. g4 fxg4 30. Qxg4 Kh8 31. Rg1 g5 32. Kh1 Qf7 33. Rg2 Be7 34. fxg5 Bxg5 35. Qe2 Rg8 36. Bg3 Raf8 37. Rcg1 Qf3 38. Be5+ Kh7 39. Bb1+ Rf5 40. Qxf3 1-0

[Event "SVK-chT2B 0809"]
[Site "Slovakia"]
[Date "2009.02.01"]
[Round "9.8"]
[White "Kovac, Lubomir"]
[Black "Randziak, Martin"]
[Result "1/2-1/2"]
[WhiteElo "1942"]
[BlackElo "1350"]
[PlyCount "49"]
[EventDate "2008.10.11"]
[EventType "team-tourn"]
[EventRounds "11"]
[EventCountry "SVK"]
[SourceTitle "EXT 2010"]
[Source "ChessBase"]
[SourceDate "2010.11.25"]
[SourceVersion "1"]
[SourceVersionDate "2010.11.25"]
[SourceQuality "1"]
[WhiteTeam "Sala Slovan Duslo"]
[BlackTeam "Partizanske SK Neomax"]
[WhiteTeamCountry "SVK"]
[BlackTeamCountry "SVK"]

1. d4 Nf6 2. c4 g6 3. Nc3 Bg7 4. e4 d6 5. f3 0-0 6. Be3 c5 7. dxc5 dxc5 8. Bxc5 Nc6 9. a3 Nd7 10. Be3 Kh8 11. Nge2 f5 12. Nf4 Nde5 13. Qxd8 Rxd8 14. Rd1 Rxd1+ 15. Kxd1 fxe4 16. Nxe4 Bf5 17. Nd2 Rd8 18. g4 Bc8 19. Be2 Nd4 20. Rf1 Ndxf3 21. Bxf3 Nxf3 22. Rxf3 Bxg4 23. Ke2 Bxb2 24. a4 Bd4 25. Nd5 1/2-1/2

[Event "SVK-chT1E 0809"]
[Site "Slovakia"]
[Date "2009.01.11"]
[Round "7.2"]
[White "Kantorik, Marian"]
[Black "Kovac, Lubomir"]
[Result "1-0"]
[WhiteElo "2288"]
[BlackElo "2227"]
[PlyCount "79"]
[EventDate "2008.10.18"]
[EventType "team-tourn"]
[EventRounds "11"]
[EventCountry "SVK"]
[SourceTitle "EXT 2010"]
[Source "ChessBase"]
[SourceDate "2010.11.25"]
[SourceVersion "1"]
[SourceVersionDate "2010.11.25"]
[SourceQuality "1"]
[WhiteTeam "Liptov Chess School"]
[BlackTeam "Presov Tatran"]
[WhiteTeamCountry "SVK"]
[BlackTeamCountry "SVK"]

1. d4 Nf6 2. c4 e5 3. dxe5 Ng4 4. Bf4 Nc6 5. Nf3 Bb4+ 6. Nbd2 Qe7 7. e3 Ngxe5 8. Nxe5 Nxe5 9. Be2 0-0 10. 0-0 d6 11. Nb3 Bf5 12. a3 Bc5 13. Nxc5 dxc5 14. Qd5 Rfe8 15. Rad1 Bc2 16. Rc1 Ba4 17. Qxb7 Bc6 18. Qb3 Ng6 19. Bg3 Nh4 20. Bxh4 Qxh4 21. f4 Rab8 22. Qc3 Qe7 23. Bf3 Ba4 24. e4 Rb3 25. Qd2 Rd8 26. Qf2 Rbd3 27. Rfe1 R8d4 28. Re3 Rd2 29. Re2 Qd6 30. e5 Rd1+ 31. Re1 Rxe1+ 32. Rxe1 Qd8 33. f5 Rxc4 34. e6 fxe6 35. fxe6 Qe7 36. Bd5 Rd4 37. Qf3 Be8 38. Rf1 Qf6 39. e7+ Kh8 40. Qe3 1-0

[Event "SVK-chT1E 0809"]
[Site "Slovakia"]
[Date "2008.12.14"]
[Round "6.2"]
[White "Rogos, Jan Jr"]
[Black "Kovac, Lubomir"]
[Result "1/2-1/2"]
[WhiteElo "2128"]
[BlackElo "2227"]
[PlyCount "37"]
[EventDate "2008.10.18"]
[EventType "team-tourn"]
[EventRounds "11"]
[EventCountry "SVK"]
[SourceTitle "EXT 2010"]
[Source "ChessBase"]
[SourceDate "2010.11.25"]
[SourceVersion "1"]
[SourceVersionDate "2010.11.25"]
[SourceQuality "1"]
[WhiteTeam "Svit SO"]
[BlackTeam "Presov Tatran"]
[WhiteTeamCountry "SVK"]
[BlackTeamCountry "SVK"]

1. e4 e5 2. Nf3 d6 3. d4 Nf6 4. dxe5 Nxe4 5. Qd5 Nc5 6. Bg5 Be7 7. exd6 Qxd6 8. Nc3 Be6 9. Qxd6 Bxd6 10. Nb5 Ne4 11. Bd3 Nxg5 12. Nxd6+ cxd6 13. Nxg5 Nc6 14. 0-0-0 h6 15. Nxe6 fxe6 16. Rhe1 Kd7 17. f4 Rhf8 18. g3 Rf6 19. h4 1/2-1/2

[Event "SVK-chT1E 0809"]
[Site "Slovakia"]
[Date "2008.12.13"]
[Round "5.1"]
[White "Fenda, Zdenek"]
[Black "Kovac, Lubomir"]
[Result "0-1"]
[WhiteElo "2113"]
[BlackElo "2227"]
[PlyCount "76"]
[EventDate "2008.10.18"]
[EventType "team-tourn"]
[EventRounds "11"]
[EventCountry "SVK"]
[SourceTitle "EXT 2010"]
[Source "ChessBase"]
[SourceDate "2010.11.25"]
[SourceVersion "1"]
[SourceVersionDate "2010.11.25"]
[SourceQuality "1"]
[WhiteTeam "Margecany OSK"]
[BlackTeam "Presov Tatran"]
[WhiteTeamCountry "SVK"]
[BlackTeamCountry "SVK"]

1. e4 e5 2. Bc4 Nf6 3. d3 c6 4. Bg5 Bc5 5. Qf3 d6 6. Bxf6 Qxf6 7. Qxf6 gxf6 8. Ne2 Rg8 9. Kf1 f5 10. Nd2 Nd7 11. c3 Nf6 12. b4 Bb6 13. h3 Bd7 14. a4 d5 15. exd5 cxd5 16. Bb3 Be6 17. a5 Bc7 18. c4 dxc4 19. dxc4 0-0-0 20. Nf3 Rd3 21. Bc2 Rd6 22. Nh4 e4 23. Rd1 Rxd1+ 24. Bxd1 Rd8 25. Ke1 Be5 26. f4 Bb2 27. Kf2 Ba3 28. b5 Rd3 29. Rf1 Bc5+ 30. Ke1 e3 31. Nc1 Rd2 32. Nb3 Bb4 33. Nxd2 Bxd2+ 34. Ke2 Bxc4+ 35. Kf3 Bxf1 36. Nxf5 Nd5 37. Be2 Bxe2+ 38. Kxe2 Nxf4+ 0-1